| Поле | Инд. | ПП | Название | Значение |
|---|---|---|---|---|
| Тип записи | a | |||
| Библиографический уровень | b | |||
| 001 | Контрольный номер | RU/IS/BASE/218209306 | ||
| 005 | Дата корректировки | 20240403144226.3 | ||
| 008 | Кодируемые данные | 20061130 | ||
| 040 | b | Код языка каталог. | rus | |
| e | Правила каталог. | PSBO | ||
| 041 | 0_ | a | Код языка текста | rus |
| 084 | a | Индекс другой классификации/Индекс ББК | 63.3(2)45-6; 63.3(2)45-283.31 | |
| 100 | 1_ | a | Автор | Опарина Т. |
| 245 | 11 | a | Заглавие | "Промыслить Царьград!" |
| b | Продолж. заглавия | Как русское правительство отказалось от завоевания Константинополя | ||
| 504 | a | Библиография | Примеч. и библиогр. ссылки | |
| 520 | a | Аннотация | Статья рассказывает об одном историческом эпизоде 1644 - 45 гг.: греческий купец Николай Христофоров (по русским документам) вышел к донским казакам с тщательно подготовленным планом захвата Стамбула с моря. Автор рассматривает это событие в широком контексте внешней и внутренней политики московских властей в XVII веке | |
| 650 | a | Основная рубрика | внешняя политика | |
| a | Основная рубрика | внутренняя политика | ||
| a | Основная рубрика | история | ||
| a | Основная рубрика | международные отношения | ||
| 653 | a | Ключевые слова | XVII век | |
| a | Ключевые слова | Донское казачье войско | ||
| a | Ключевые слова | история международных отношений | ||
| a | Ключевые слова | казаки | ||
| a | Ключевые слова | Османская империя | ||
| a | Ключевые слова | Россия | ||
| a | Ключевые слова | русско-турецкие отношения | ||
| a | Ключевые слова | Турция | ||
| 773 | 0_ | t | Заглавие источника | Родина |
| d | Дата издания источника | 2006 | ||
| g | Прочая информация | № 11. - С. 36 - 40 : ил. | ||
| w | Контрольный № источника | RU/IS/BASE/216311188 | ||
| 901 | t | Тип документа | b |